LEADER 02754nam 2200601 a 450 001 9910781942203321 005 20230802004321.0 010 $a0-19-996519-6 010 $a1-283-42769-9 010 $a9786613427694 010 $a0-19-987555-3 035 $a(CKB)2550000000075628 035 $a(EBL)829397 035 $a(OCoLC)769344061 035 $a(SSID)ssj0000571046 035 $a(PQKBManifestationID)12208577 035 $a(PQKBTitleCode)TC0000571046 035 $a(PQKBWorkID)10611146 035 $a(PQKB)11245257 035 $a(StDuBDS)EDZ0000102119 035 $a(MiAaPQ)EBC829397 035 $a(Au-PeEL)EBL829397 035 $a(CaPaEBR)ebr10521074 035 $a(CaONFJC)MIL342769 035 $a(EXLCZ)992550000000075628 100 $a20101220d2012 uy 0 101 0 $aeng 135 $aur|n|---||||| 181 $ctxt 182 $cc 183 $acr 200 04$aThe neurology of AIDS$b[electronic resource] /$fedited by Howard E. Gendelman ... [et al.] 205 $a3rd ed. 210 $aOxford $cOxford University Press$dc2012 215 $a1 online resource (1156 p.) 300 $aDescription based upon print version of record. 311 $a0-19-539934-X 320 $aIncludes bibliographical references and index. 327 $aHIV-1 biology and immunology -- Innate and cellular immunity and neurogenesis -- Blood brain barrier and HIV CNS entry -- Cellular and viral neurotoxicity and abused drugs -- Animal models -- Personal perspectives in living with HIV/AIDS -- Clinical and pathologic manifestations of disease -- Pathogenesis of co-morbid conditions -- Diagnostics and biomarkers -- Children and adolescents -- Antiretroviral and adjunctive therapies -- Psychiatry and psychobiology. 330 $aNeurological complications of progressive HIV-1 infection remain a common cause of morbidity even during widespread use of antiretroviral therapy (ART). Long-term resistance to ART, drug compliance, untoward drug side effects, a myriad of opportunistic infection, depression and other psychiatric disease manifestations, concomitant drug abuse, neuropathies, and an inability to clear viral reservoirs, explain, in large measure, disease progression and immune deterioration. These are associated with a number of psychiatric, muscle, nerve, infectious, as well as cognitive, behavioral, and motor di 606 $aAIDS (Disease) 606 $aNeurology 615 0$aAIDS (Disease) 615 0$aNeurology. 676 $a616.97/9207 701 $aGendelman$b Howard E.$f1954-$01498694 801 0$bMiAaPQ 801 1$bMiAaPQ 801 2$bMiAaPQ 906 $aBOOK 912 $a9910781942203321 996 $aThe neurology of AIDS$93724334 997 $aUNINA LEADER 02268nam 2200469 450 001 9910823648903321 005 20240110012120.0 010 $a3-657-79125-6 024 3 $a9783657791255 035 $a(CKB)4940000000610690 035 $a(MiAaPQ)EBC6717740 035 $a(Au-PeEL)EBL6717740 035 $a(Brill | Scho?ningh)9783657791255 035 $a(EXLCZ)994940000000610690 100 $a20240110d2021 uy 0 101 0 $ager 135 $aurcnu|||||||| 181 $ctxt$2rdacontent 182 $cc$2rdamedia 183 $acr$2rdacarrier 200 10$aKo?lner Papyri /$fCharikleia Armoni, Ju?rgen Hammerstaedt, and Eleni Skarsouli 205 $aFirst edition. 210 1$aOpladen, Germany :$cWestdeutscher Verlag,$d[2021] 210 4$d©2021 215 $a1 online resource (286 pages) 225 0 $aSonderreihe der Abhandlungen Papyrologica Coloniensia Series ;$vVolume 17 311 $a3-506-79125-7 330 $aIm vorliegenden Band der Ko?lner Papyri werden 26 bisher unvero?ffentlichte beziehungsweise teilweise unvero?ffentlichte Texte publiziert. Den gro?ßten Teil des Bandes nimmt die Publikation griechischer Papyrusurkunden ein. Mit Ausnahme dreier Privatbriefe aus familia?rem und gescha?ftlichem Bereich, von denen zwei aus der Kaiserzeit datieren, geho?ren die restlichen griechischen Dokumente des Bandes in einen amtlichen und rechtlichen Kontext und datieren aus vorchristlicher Zeit. Hinzu kommt ein demotischer Papyrus aus dem 2. Jh. v.Chr. Dabei handelt sich um die Abschrift des demotischen Protokolls einer Verhandlung, die im Jahre 114 v.Chr. vor der Gerichtskammer der Laokriten in Theben gefu?hrt wurde. Den Band komplettieren drei koptische (semi-)literarische Texte aus spa?ter Zeit (6./7., 10. und 10./11. Jh. n.Chr.). 410 0$aSonderreihe der Abhandlungen Papyrologica Coloniensia 606 $aManuscripts, Greek (Papyri) 615 0$aManuscripts, Greek (Papyri) 676 $a481.7 700 $aArmoni$b Charikleia A.$0738222 702 $aHammerstaedt$b Ju?rgen 702 $aSkarsouli$b Eleni 801 0$bMiAaPQ 801 1$bMiAaPQ 801 2$bMiAaPQ 906 $aBOOK 912 $a9910823648903321 996 $aKo?lner Papyri$93986402 997 $aUNINA